000 00815nam a22002777a 4500
001 BR8805973
003 BR-BrBNA
005 20230928093030.0
007 ta
008 230509b bl.||||| |||| 00| 0 por d
040 _aBR-BrBNA
_bpor
_cBiblioteca Nacional de Agricultura
041 _a(Por)
072 _aH10
090 _ H10 BR8805973
110 1 _aCompanhia de Desenvolvimento e Acao Regional, Salvador, BA (Brasil)
_92372
245 1 _aProjeto tecnologia socialmente apropriada; controle de pragas
246 1 _a[Project apropriate technologies; pests'control]
260 3 _aSalvador, BA (Brasil):
_c1988.
300 _a44 p.
500 _a18 illus.
650 _aPRAGA DE PLANTA
650 _aERRADICACAO
650 _aDOENCA DE PLANTA
909 _a202309
_bLucia
_c55
_dLucia Elande
942 _cBK
999 _c42612
_d42612